000 00347 a2200109 4500
001 ART_39609
005 20260410162000.0
008 260409a
245 1 0 _aTiempo libre y nuevas responsabilidades en los adultos mayores
100 1 _aFernández Lópiz, Enrique
773 0 _tPropuestas
_g- Año 2, Nº 4 (nov. 1996)
_wREV28258
999 _c31227
_d31227